Principales villes d'Europe - Statistiques

Statistiques générales
  • Ce quiz a été pris 253 fois
  • Le résultat moyen est 44 sur 65
Statistiques - réponses
Pays Ville % Correct
Allemagne Berlin
97%
Belgique Bruxelles
97%
Pays-Bas Amsterdam
96%
France Paris
95%
Italie Rome
95%
Grece Athènes
94%
Espagne Madrid
94%
Espagne Barcelone
93%
Angleterre Londres
91%
France Marseille
90%
Portugal Lisbonne
86%
France Lyon
86%
Russie Moscou
84%
Irlande Dublin
82%
Italie Milan
82%
Hongrie Budapest
81%
Norvège Oslo
80%
Roumanie Bucarest
79%
Ukraine Kiev
78%
Italie Naples
77%
Danemark Copenhague
76%
FInlande Helsinki
76%
Portugal Porto
76%
Allemagne Munich
75%
Turquie Istanbul
74%
Angleterre Manchester
74%
Pologne Varsovie
71%
France Lille
70%
Suisse Genève
68%
Tchéquie Prague
67%
Pays-Bas Rotterdam
67%
Russie Saint-Pétersbourg
66%
Autriche Vienne
66%
Belgique Anvers
65%
Serbie Belgrade
64%
Bielorussie Minsk
64%
Suede Stockholm
64%
Espagne Séville
63%
Angleterre Birmingham
61%
Italie Venise
61%
Slovaquie Bratislava
60%
Islande Reykjavik
60%
Lettonie Riga
60%
Suisse Zurich
60%
Bulgarie Sofia
59%
France Toulouse
59%
Allemagne Hambourg
58%
Croatie Zagreb
58%
Italie Florence
57%
Allemagne Francfort-sur-le-Main
57%
Ecosse Glasgow
57%
Belgique Bruges
56%
Slovenie Ljubljana
56%
Bosnie-Herzegovine Sarajevo
55%
Pologne Cracovie
54%
Moldavie Chișinău
50%
Estonie Tallinn
50%
Allemagne Cologne
48%
Lituanie Vilnius
48%
Albanie Tirana
46%
Espagne Valence
45%
Kosovo Pristina
43%
Macédoine du nord Skopje
43%
Montenegro Podgorica
42%
Pays-Bas La Haye
34%
Aucun quiz correspondant
Distribution des résultats
% des personnes avec chaque résultat
Percentile par nombre de réponses
Votre historique - résultats
Vous n’avez pas pris ce quiz